00705nam a2200229Ia 450000500170000000800410001702000280005804000190008604100120010508200160011710000170013324500550015026000360020530000110024150400300025265000380028265100180032085000100033894200070034899900170035595201030037220240809102051.0131103s9999 xx 000 0 und d a81 85461 57 0cRs.60.00 aLoreto College aEnglish a822.33bREE aReese, M. M. aShakespeareb his world and his work cM. M. Reese aNew DelhibUniversal Bookc1991 a422p.  aIncludes appendix & index aShakespeare, Willium - Collection aEnglish drama aLCBED cBK c29900d80379 00102ddc4070aMAINbMAINd2013-11-04l0o822.33 REE 12099pB32748r2013-11-04w2013-11-04yBKf